Sociedad democrática y Constitución : (Record no. 193156)

MARC details
000 -LEADER
campo de control de longitud fija 03574nam a2200409 i 4500
001 - NÚMERO DE CONTROL
campo de control 193156
003 - IDENTIFICADOR DE NÚMERO DE CONTROL
campo de control SpMaBN
005 - FECHA Y HORA DE LA ÚLTIMA TRANSACCIÓN
campo de control 20250808230414.0
007 - CAMPO FIJO DE DESCRIPCIÓN FÍSICA--INFORMACIÓN GENERAL
campo de control de longitud fija ta
008 - DATOS DE LONGITUD FIJA--INFORMACIÓN GENERAL
campo de control de longitud fija 230913s2018 sp | |||| 000 0 spa
017 ## - NÚMERO DE COPYRIGHT O DE DEPÓSITO LEGAL
Número de copyright o de depósito legal M 534-2018
Agencia que asigna Oficina Depósito Legal Madrid
020 ## - NÚMERO INTERNACIONAL ESTÁNDAR DEL LIBRO
Número Internacional Estándar del Libro 9788491234401
035 ## - NÚMERO DE CONTROL DEL SISTEMA
Número de control de sistema (OCoLC)1041430895
035 ## - NÚMERO DE CONTROL DEL SISTEMA
Número de control de sistema a6109645
040 ## - FUENTE DE CATALOGACIÓN
Centro catalogador/agencia de origen SpMaBN
Lengua de catalogación spa
Centro/agencia transcriptor SpMaBN
Normas de descripción rdc
Centro/agencia modificador ES-MaACL
080 ## - NÚMERO DE LA CLASIFICACIÓN DECIMAL UNIVERSAL
Número de la Clasificación Decimal Universal 342(460)
080 ## - NÚMERO DE LA CLASIFICACIÓN DECIMAL UNIVERSAL
Número de la Clasificación Decimal Universal 32(460)"1975/..."
100 1# - ENTRADA PRINCIPAL--NOMBRE DE PERSONA
Nombre de persona Alzaga Villaamil, Óscar,
Fechas asociadas al nombre 1942-
Número de control del registro de autoridad o número normalizado XX858576
Término indicativo de función/relación Autor
9 (RLIN) 21051
245 10 - MENCIÓN DEL TÍTULO
Título Sociedad democrática y Constitución :
Resto del título (estudios y cabos sueltos) /
Mención de responsabilidad, etc. Óscar Alzaga Villaamil.
260 ## - PUBLICACIÓN, DISTRIBUCIÓN, ETC.
Lugar de publicación, distribución, etc. Madrid :
Nombre del editor, distribuidor, etc. Marcial Pons,
Fecha de publicación, distribución, etc. 2018.
300 ## - DESCRIPCIÓN FÍSICA
Extensión 510 p. ;
Dimensiones 24 cm
336 ## - TIPO DE CONTENIDO
Término de tipo de contenido Texto (visual)
Fuente isbdcontent
337 ## - TIPO DE MEDIO
Nombre/término del tipo de medio sin mediación
Fuente isbdmedia
338 ## - TIPO DE SOPORTE
Fuente rdacarrier
Nombre/término del tipo de soporte volumen
500 ## - NOTA GENERAL
Nota general Índice
504 ## - NOTA DE BIBLIOGRAFÍA, ETC.
Nota de bibliografía, etc. Referencias bibliográficas
520 ## - RESUMEN, ETC.
Sumario, etc. Este libro recupera para el lector una selección de artículos y textos, de entre los que han conservado mayor interés para los especialistas en Derecho constitucional, que están ordenados por razón de su temática. Lo más singular de esta recopilación es la incorporación de un interesantísimo trabajo inédito que, bajo su dirección, el profesor Alzaga redactó en 1974 junto con otros cuatro juristas comprometidos con la oposición democrática, para exponer detalladamente y con formato de anteproyecto de Ley Electoral las garantías que consideraban indispensables para que la oposición pudiera aceptar participar en unas elecciones verdaderamente libres y competitivas. El encargo se materializó a través del director del Instituto de Estudios Administrativos. La práctica totalidad de las rigurosas garantías fueron recogidas en lo esencial por el articulado del Decreto-Ley de 18 de marzo de 1977 sobre normas electorales, que rigió las elecciones de 15 de junio de 1977, a las que concurrieron los partidos políticos que habían permanecido en la clandestinidad. Se incluyen también algunos de los primeros trabajos del autor, que son un buen exponente de las preocupaciones de un joven profesor de Derecho político en años oscuros en que en el mundo universitario se suman esfuerzos por avanzar hacia un auténtico Estado de Derecho, fundamentado en el respeto hacia los derechos inviolables de todas las personas y en la paz social. La mayoría de los escritos seleccionados de la etapa de madurez del profesor Alzaga versan bien sobre cuestiones complejas o delicadas de nuestro equilibrio institucional, bien sobre aquellos problemas constitucionales que por su importancia o dificultad han sido acreedores de particular atención por parte del autor. Según es tradición en el género de los libros recopilatorios de un autor de edad avanzada, naturalmente en la selección prima en definitiva lo que se juzga que puede ser más interesante para el lector especialista en la materia, al que se quiere facilitar la consulta de los materiales reunidos.
650 #4 - PUNTO DE ACCESO ADICIONAL DE MATERIA--TÉRMINO DE MATERIA
Término de materia o nombre geográfico como elemento de entrada Derecho constitucional-
Subdivisión geográfica España
9 (RLIN) 11682
651 #7 - PUNTO DE ACCESO ADICIONAL DE MATERIA--NOMBRE GEOGRÁFICO
Nombre geográfico España-
Subdivisión general Política y gobierno-
Subdivisión cronológica 1975-
9 (RLIN) 159606
852 ## - LOCALIZACIÓN
Ubicación ES-MaACL
itemnumber 200508
Número de control de estantería N-9382
Ubicación en estantería Depósito J
Encuadernación Encuadernación rústica con solapas
Sublocalización o colección R.154572
Donativo/Legado Donación: Óscar Alzaga Villaamil
903 ## - NOMBRE PERSONAL DE DONANTE
a Alzaga Villaamil, Óscar,
d 1942-
e Donante
9 21051
942 ## - ELEMENTOS DE ENTRADA SECUNDARIOS (KOHA)
Suprimir en OPAC No
Tipo de ítem Koha Libro impreso
Holdings
Estatus retirado Estado de pérdida Fuente del sistema de clasificación o colocación Estado de daño No para préstamo Biblioteca de origen Biblioteca actual Ubicación en estantería Fecha de adquisición Fuente de adquisición Número de control de estantería Total de préstamos Signatura topográfica completa Código de barras Visto por última vez Tipo de ítem Koha
    Clasificación decimal universal     Biblioteca del Ateneo de Madrid Biblioteca del Ateneo de Madrid Depósito J 13/09/2023 Donación Ateneísta   N-9382 101205805 13/09/2023 Libro impreso